00393pab a2200145 454500008004000000100002400040245006200064260000900126300001300135362000800148650001500156650002000171700002200191773003400213180718b2014 xxu||||| |||| 00| 0 eng d aBalasubramanian, M. aClimate change, Uttarakhand, and the World Bank's message c2014 ap.65-68. aJan aWorld Bank aClimatic change aKumar, P.J. Dilip aEconomic and Political Weekly